h1

h2

h3

h4

h5
h6
000463811 001__ 463811
000463811 005__ 20251113075133.0
000463811 037__ $$aRWTH-2015-01040
000463811 041__ $$aEnglish
000463811 1001_ $$0P:(DE-82)IDM00075$$aDahmen, Wolfgang$$b0$$eCorresponding author$$urwth
000463811 245__ $$aHow to Best Sample a Solution Manifold?$$honline
000463811 260__ $$c2015
000463811 300__ $$a26 S. : graph. Darst.
000463811 3367_ $$2DRIVER$$apreprint
000463811 3367_ $$028$$2EndNote$$aElectronic Article
000463811 3367_ $$0PUB:(DE-HGF)25$$2PUB:(DE-HGF)$$aPreprint$$bpreprint$$mpreprint
000463811 3367_ $$2BibTeX$$aARTICLE
000463811 3367_ $$2DRIVER$$apreprint
000463811 3367_ $$2DataCite$$aOutput Types/Working Paper
000463811 3367_ $$2ORCID$$aWORKING_PAPER
000463811 4900_ $$aPreprint / Institut für Geometrie und Praktische Mathematik, RWTH$$v416
000463811 591__ $$aGermany
000463811 653_7 $$2eng$$atight surrogates
000463811 653_7 $$2eng$$astable variational formulations
000463811 653_7 $$2eng$$asaddle point problems
000463811 653_7 $$2eng$$adouble greedy schemes
000463811 653_7 $$2eng$$agreedy stabilization
000463811 653_7 $$2eng$$arate-optimality
000463811 653_7 $$2eng$$atransport equations
000463811 653_7 $$2eng$$aconvection-diffusion equations
000463811 8564_ $$uhttp://www.igpm.rwth-aachen.de/forschung/preprints/416$$yFulltext
000463811 909CO $$ooai:publications.rwth-aachen.de:463811$$pVDB
000463811 9141_ $$y2015
000463811 9201_ $$0I:(DE-82)111410_20140620$$k111410$$lLehrstuhl für Mathematik und Institut für Geometrie und Praktische Mathematik$$x0
000463811 9201_ $$0I:(DE-82)110000_20140620$$k110000$$lFachgruppe Mathematik$$x1
000463811 961__ $$c2015-02-26T11:51:03.400042$$x2015-02-26T11:51:03.400042$$z2015-09-10
000463811 980__ $$apreprint
000463811 980__ $$aVDB
000463811 980__ $$aUNRESTRICTED
000463811 980__ $$aI:(DE-82)111410_20140620
000463811 980__ $$aI:(DE-82)110000_20140620